| 000 | 005360000a22001810004500 | ||
|---|---|---|---|
| 003 | MACL | ||
| 005 | 20151229115926.0 | ||
| 008 | 151229b xxu||||| |||| 00| 0 eng d | ||
| 040 |
_aMACL _cMACL |
||
| 041 | _aEnglish | ||
| 082 | _a111.8554/SAS | ||
| 100 |
_aSastri, Dr S N Ghoshal _923595 |
||
| 245 |
_aElements of Indian Aesthetics _bvol 1 Aesthetic Beauty & Bliss in Indian Literature & Philosophy |
||
| 260 |
_bChaukhambha Orientalia _c1978 _aDelhi |
||
| 350 | _a500 | ||
| 650 |
_aPhilosophy _923596 |
||
| 942 |
_cBK _k111.8554/SAS _2ddc |
||
| 999 |
_c38357 _d38357 |
||